| 000 | 00718nam a2200229 i 4500 | ||
|---|---|---|---|
| 001 | bg | ||
| 100 | 1 |
_aHoffmann, Ernst Theodor Amadeus _d(1776-1822) |
|
| 245 | 1 | 0 |
_aDas Fräulein von Scuderi / _cE.T.A. Hoffmann. |
| 260 |
_aStuttgart : _bPhilipp Reclam, _c2003. |
||
| 300 |
_a80 s. ; _c15 cm. |
||
| 490 | 1 |
_aUniversal-Bibliothek ; _vNr 25 |
|
| 650 | 9 |
_aProza niemiecka _y19 w. |
|
| 830 | _aUniversal-Bibliothek ; | ||
| 020 | _a3150000254 | ||
| 040 | _cBPK | ||
| 041 | 0 | _ager | |
| 080 | _a821.112.2-3 | ||
| 920 | _a3-15-000025-4 | ||
| 942 | _cKS | ||
| 008 | s pl f |000 0 pol | ||
| 999 |
_c45941 _d45941 |
||
| 856 |
_uhttp://koha.tu.koszalin.pl/cgi-bin/koha/opac-detail.pl?biblionumber=45941 _yKatalog online BPK |
||